|
|
|
|
| LEADER |
01772cas a2200253 a 4500 |
| 001 |
AALejournalIMF005267 |
| 008 |
230101c9999 xx r poo 0 0eng d |
| 020 |
|
|
|c 5.00 USD
|
| 020 |
|
|
|z 9781451870510
|
| 022 |
|
|
|a 1018-5941
|
| 040 |
|
|
|a BD-DhAAL
|c BD-DhAAL
|
| 100 |
1 |
|
|a Alogeel, Hesham.
|
| 245 |
1 |
0 |
|a Understanding the Inflationary Process in the GCC Region :
|b The Case of Saudi Arabia and Kuwait /
|c Hesham Alogeel, Maher Hasan.
|
| 264 |
|
1 |
|a Washington, D.C. :
|b International Monetary Fund,
|c 2008.
|
| 300 |
|
|
|a 1 online resource (37 pages)
|
| 490 |
1 |
|
|a IMF Working Papers
|
| 500 |
|
|
|a <strong>Off-Campus Access:</strong> No User ID or Password Required
|
| 500 |
|
|
|a <strong>On-Campus Access:</strong> No User ID or Password Required
|
| 506 |
|
|
|a Electronic access restricted to authorized BRAC University faculty, staff and students
|
| 520 |
3 |
|
|a This paper investigates the factors that affect inflation in the GCC region by examining the inflationary processes in Saudi Arabia and Kuwait. The paper utilizes a model that accounts for foreign factors affecting inflation, such as trading partners' inflation and exchange rate pass-through effect, as well as domestic influences. The analysis concludes that, in the long run, higher inflation in trading partners' countries is the main driving force for inflation in the two countries, with significant but lower contributions from the exchange rate pass-through effect and oil prices. Demand and money supply shocks affect inflation in the short run.
|
| 538 |
|
|
|a Mode of access: Internet
|
| 700 |
1 |
|
|a Hasan, Maher.
|
| 830 |
|
0 |
|a IMF Working Papers; Working Paper ;
|v No. 2008/193
|
| 856 |
4 |
0 |
|z Full text available on IMF
|u http://elibrary.imf.org/view/journals/001/2008/193/001.2008.issue-193-en.xml
|z IMF e-Library
|